Sports Quiz

Random Sports or Soccer Quiz

Soccer Clubs 2 Quiz Stats

 Plays Quiz not verified by Sporcle

Score 0/190 Timer 20:00
0 Plays Today
% Correct
Club Atlético Boca Juniors
92.5%
Club Atlético River Plate
92.5%
Football Club Dynamo Kyiv
83.6%
AEK Athens Football Club
80.6%
Professional Football Club Central Sports Club of Army Moscow
80.6%
Royal Sporting Club Anderlecht
79.1%
Football Club Spartak Moscow
77.6%
Panathinaikos Football Club
76.1%
Sport Club Corinthians Paulista
74.6%
Santos Futebol Clube
74.6%
São Paulo Futebol Clube
74.6%
Santos Football Club
74.6%
Athletic Club of Olympiakos Volou
73.1%
Shimizu S-Pulse
71.6%
Football Club Shakhtar Donetsk
71.6%
Clube de Regatas do Flamengo
68.7%
Football Club Zenit Saint Petersburg
65.7%
Baniyas Sports & Culture Club
62.7%
Club Brugge Koninklijke Voetbalvereniging
61.2%
Football Club Dynamo Moscow
61.2%
Football Club Lokomotiv Moscow
56.7%
Fluminense Football Club
55.2%
Bohemian Football Club
55.2%
Club América
53.7%
Kaizer Chiefs Football Club
53.7%
Football Club Tokyo
50.7%
Orlando Pirates Football Club
50.7%
Arsenal de Sarandí
47.8%
Football Club Rubin Kazan
47.8%
Grêmio Foot-Ball Porto Alegrense
46.3%
Koninklijke Racing Club Genk
46.3%
Cruzeiro Esporte Clube
43.3%
Panthessaloníkios Athlitikós Ómilos Konstantinoupolitón
43.3%
Koninklijke Atletiek Associatie Gent
43.3%
Royal Standard de Liège
41.8%
Ajax Cape Town Football Club
41.8%
Club Atlético Newell's Old Boys
40.3%
Sociedade Esportiva Palmeiras
40.3%
Club Deportivo Guadalajara
37.3%
Urawa Red Diamonds
37.3%
Club Atlético Independiente
35.8%
Club de Regatas Vasco da Gama
35.8%
Gamba Osaka
35.8%
Olympiacos Club of Fans of Piraeus
35.8%
Club de Regatas Vasco da Gama
35.8%
Aris Thessaloniki Football Club
34.3%
Club Estudiantes de La Plata
32.8%
Club de Fútbol Atlante
32.8%
Club de Futbol Estudiantes Tecos
32.8%
Club de Fútbol Monterrey
29.9%
Football Club Arsenal Kyiv
29.9%
Nagoya Grampus Eight
28.4%
Cercle Brugge Koninklijke Sportvereniging
28.4%
St Patrick's Athletic Football Club
28.4%
Botafogo de Futebol e Regatas
26.9%
Club Deportivo, Social, y Cultural Cruz Azul
26.9%
Dubai Cultural Sports Club
26.9%
Glentoran Football Club
26.9%
Shamrock Rovers Football Club
26.9%
Club Atlético Tigre
25.4%
Club Atlético Vélez Sársfield
25.4%
Clube Atlético Mineiro
25.4%
Football Club Saturn Moscow Oblast
25.4%
Football Club Dnipro Dnipropetrovsk
25.4%
% Correct
Bloemfontein Celtic Football Club
25.4%
Galway United Football Club
25.4%
Club Universidad Nacional A.C.
23.9%
Linfield Football and Athletic Club
23.9%
Racing Club de Avellaneda
22.4%
Football Club Karpaty Lviv
22.4%
Donegal Celtic Football & Sports Club
22.4%
Club Atlético All Boys
20.9%
Sport Club Internacional
20.9%
Free State Stars Football Club
20.9%
Crusaders Football Club
20.9%
Drogheda United Football Club
20.9%
Kashima Antlers Football Club
19.4%
Football Club Metalist Kharkiv
17.9%
Mpumalanga Black Aces Football Club
17.9%
Club Atlético Banfield
16.4%
Club Atlético Colón
16.4%
Club Atlético San Lorenzo de Almagro
16.4%
Tigres de la Universidad Autónoma de Nuevo León
16.4%
Kawasaki Frontale
16.4%
Athletic Union of Larissa 1964
16.4%
Royal Charleroi Sporting Club
16.4%
Al-Wahda Sports Cultural Club
16.4%
Dundalk Football Club
16.4%
Goiás Esporte Clube
14.9%
Club Necaxa
14.9%
Sligo Rovers Football Club
14.9%
Clube Atlético Paranaense
13.4%
Yokohama F. Marinos
13.4%
Koninklijke Sporting Club Lokeren Oost-Vlaanderen
13.4%
Yellow Red Koninklijke Voetbalclub Mechelen
13.4%
Platinum Stars Football Club
13.4%
Bray Wanderers Association Football Club
13.4%
Club de Gimnasia y Esgrima La Plata
11.9%
Club Atlético Huracán
11.9%
Club Atlético Lanús
11.9%
Panionios Gymnastikos Syllogos Smyrnis
11.9%
Koninklijke Lierse Sportkring
11.9%
Football Club Tom' Tomsk
11.9%
Football Club Anzhi Makhachkala
11.9%
Supersport United Football Club
11.9%
Sharjah Sports Club
11.9%
Asociación Atlética Argentinos Juniors
10.4%
Club Social y Deportivo Atlas de Guadalajara
10.4%
Pachuca Club de Fútbol
10.4%
Iraklis Thessaloniki Football Club
10.4%
Koninklijke Football Club Germinal Beerschot
10.4%
Sportvereniging Zulte Waregem
10.4%
Football Club Amkar Perm
10.4%
Glenavon Football Club
10.4%
Júbilo Iwata
9%
Koninklijke Voetbalclub Kortrijk
9%
Mamelodi Sundowns Football Club
9%
Al-Ahli Dubai
9%
Al Shabab Al Arabi Club
9%
Esporte Clube Vitória
7.5%
Club de Fútbol Jaguares de Chiapas
7.5%
Deportivo Toluca Fútbol Club
7.5%
Vissel Kobe
7.5%
Football Club Alania Vladikavkaz
7.5%
AmaZulu Football Club
7.5%
Cliftonville Football & Athletic Club
7.5%
University College Dublin Association Football Club
7.5%
Godoy Cruz Antonio Tomba
6%
% Correct
Club de Fútbol Puebla
6%
Ergotelis Football CLub
6%
PAE Skoda Xanthi Athlitikos Omilos
6%
Koninklijke Voetbal Club Westerlo
6%
Football Club Rostov
6%
Professional Football Club Spartak Nalchik
6%
Football Club Sibir Novosibirsk
6%
Ballymena United Football Club
6%
Portadown Football Club
6%
Quilmes Atlético Club
4.5%
Avaí Futebol Clube
4.5%
Grêmio Prudente Futebol Ltda.
4.5%
Guarani Futebol Clube
4.5%
Club Santos Laguna
4.5%
Atromitos Football Club
4.5%
Athlitikos Omilos Kerkyra
4.5%
Panserraikos Football Club
4.5%
Königliche Allgemeine Sportvereinigung Eupen
4.5%
Republican Football Club Terek Grozny
4.5%
Golden Arrows Football Club
4.5%
Maritzburg United Football Club
4.5%
Coleraine Football Club
4.5%
Dungannon Swifts Football Club
4.5%
Lisburn Distillery Football Club
4.5%
Club Olimpo
3%
Ceará Sporting Club
3%
Club Atlético Monarcas Morelia
3%
San Luis Fútbol Club
3%
Sanfrecce Hiroshima
3%
Albirex Niigata
3%
Asteras Tripoli F.C.
3%
Athlitikos Omilos Kavala
3%
Koninklijke Sint-Truidense Voetbalvereniging
3%
Professional Football Club Krylia Sovetov Samara
3%
Football Club Obolon Kyiv
3%
Moroka Swallows Football Club
3%
Al-Ittihad Kalba
3%
Newry City Football Club
3%
Atlético Clube Goianiense
1.5%
Querétaro Fútbol Club
1.5%
Shonan Bellmare
1.5%
Kyoto Sanga Football Club
1.5%
Omiya Ardija
1.5%
Vegalta Sendai
1.5%
Montedio Yamagata
1.5%
Cerezo Osaka
1.5%
Football Club Metalurh Donetsk
1.5%
Professional Football Club Sevastopol
1.5%
Football Club Tavriya Simferopol
1.5%
Football Club Zorya Luhansk
1.5%
Wits University Football Club
1.5%
Al-Ain Sports and Cultural Club
1.5%
Sporting Fingal Football Club
1.5%
Football Club Illichivets Mariupol
0%
Football Club Kryvbas Kryvyi Rih
0%
Football Club Metalurh Zaporizhya
0%
Football Club Volyn Lutsk
0%
Football Club Vorskla Poltava
0%
Al-Jazira Sports & Culture Club
0%
Al-Wasl Football Club
0%
Al-Nasr Sports Club
0%
Al Dhafra Sport & Culture Club
0%

You're not logged in!

Compare scores with friends on all Sporcle quizzes.
OR
Log In

Show Comments

Extras

Created Oct 19, 2010ReportNominate
Tags:Soccer Quiz, club

Top Quizzes Today


Score Distribution

Your Account Isn't Verified!

In order to create a playlist on Sporcle, you need to verify the email address you used during registration. Go to your Sporcle Settings to finish the process.

Report this User

Report this user for behavior that violates our Community Guidelines.

Details: